Các quy định về tòa án nhân dân trong Hiến pháp (sửa đổi Hiến pháp năm 1992) và hướng hoàn thiện Luật tổ chức tòa án nhân dân /
Guardado en:
| Autor principal: | |
|---|---|
| Formato: | Artículo |
| Lenguaje: | Vietnamese |
| Materias: | |
| Etiquetas: |
Agregar Etiqueta
Sin Etiquetas, Sea el primero en etiquetar este registro!
|
| Thư viện lưu trữ: | Thư viện Trường Đại học Đà Lạt |
|---|
| LEADER | 00892nam a2200277 4500 | ||
|---|---|---|---|
| 001 | DLU140164720 | ||
| 005 | ##20141010 | ||
| 040 | # | # | |a DLU |b vie |
| 041 | # | # | |a vie |
| 044 | # | # | |a vn |
| 100 | # | # | |a Trần Văn Tú. |
| 245 | # | # | |a Các quy định về tòa án nhân dân trong Hiến pháp (sửa đổi Hiến pháp năm 1992) và hướng hoàn thiện Luật tổ chức tòa án nhân dân / |c Trần Văn Tú. |
| 653 | # | # | |a Chức năng |
| 653 | # | # | |a Nguyên tắc hoạt động |
| 653 | # | # | |a Nhiệm vụ |
| 653 | # | # | |a Tòa án nhân dân |
| 773 | # | # | |t Tòa án nhân dân |g Số1(1), 2014, tr. 6-9 |
| 920 | # | # | |a Phòng Tạp chí -- Trung tâm Thông tin - Thư viện Trường Đại học Đà Lạt |
| 994 | # | # | |a DLU |
| 900 | # | # | |a True |
| 911 | # | # | |a Nguyễn Thị Mai Anh |
| 925 | # | # | |a G |
| 926 | # | # | |a A |
| 927 | # | # | |a BB |
| 980 | # | # | |a Thư viện Trường Đại học Đà Lạt |